000 00587nam a2200169 a 4500
005 20210223130641.0
008 080926s1981 mx r 000 0 spa d
035 _aUPN01000161232
049 _aUNE
080 _a374.7 (100) =20 DAV.
100 1 _aDave, R. H.
_932391
245 1 2 _aA Note on the international orientation programme on the post-literacy and continuing education of neo-literates in the perspective of lifelong education /
_cRavindra H. Dave.
260 _aHamburg :
_bUIE,
_c1981.
300 _a8 p.
690 _aEducacion permanente- Neoalfabetos
905 _aUNESCO
999 _c133345
_d133345